町村名から郡名 (中部) - Statistics

General Stats
  • This quiz has been taken 12 times
  • The average score is 41 of 63
Answer Stats
No 都道府県 町村 % Correct
1 新潟県 聖籠町 北蒲原郡
89%
2 新潟県 弥彦村 西蒲原郡
89%
3 新潟県 田上町 南蒲原郡
89%
4 新潟県 阿賀町 東蒲原郡
89%
5 新潟県 出雲崎町 三島郡
78%
6 新潟県 湯沢町 南魚沼郡
78%
8 新潟県 刈羽村 刈羽郡
78%
9 新潟県 関川村・粟島浦村 岩船郡
78%
22 福井県 高浜町・おおい町 大飯郡
78%
43 岐阜県 岐南町・笠松町 羽島郡
78%
45 岐阜県 垂井町・関ケ原町 不破郡
78%
46 岐阜県 神戸町・輪之内町・安八町 安八郡
78%
47 岐阜県 揖斐川町・大野町・池田町 揖斐郡
78%
49 岐阜県 坂祝町・富加町・川辺町・七宗町・八百津町・白川町・東白川村 加茂郡
78%
51 岐阜県 白川村 大野郡
78%
52 静岡県 東伊豆町・河津町・南伊豆町・松崎町・西伊豆町 賀茂郡
78%
61 愛知県 阿久比町・東浦町・南知多町・美浜町・武豊町 知多郡
78%
7 新潟県 津南町 中魚沼郡
67%
10 富山県 舟橋村・上市町・立山町 中新川郡
67%
11 富山県 入善町・朝日町 下新川郡
67%
16 石川県 穴水町・能登町 鳳珠郡
67%
21 福井県 美浜町 三方郡
67%
23 福井県 若狭町 三方上中郡
67%
27 山梨県 道志村・西桂町・忍野村・山中湖村・鳴沢村・富士河口湖町 南都留郡
67%
28 山梨県 小菅村・丹波山村 北都留郡
67%
29 長野県 小海町・川上村・南牧村・南相木村・北相木村・佐久穂町 南佐久郡
67%
30 長野県 軽井沢町・御代田町・立科町 北佐久郡
67%
32 長野県 下諏訪町・富士見町・原村 諏訪郡
67%
33 長野県 辰野町・箕輪町・飯島町・南箕輪村・中川村・宮田村 上伊那郡
67%
34 長野県 松川町・高森町・阿南町・阿智村・平谷村・根羽村・下條村・売木村・天龍村・泰阜村・喬木村・豊丘村・大鹿村 下伊那郡
67%
35 長野県 上松町・南木曽町・木祖村・王滝村・大桑村・木曽町 木曽郡
67%
37 長野県 池田町・松川村・白馬村・小谷村 北安曇郡
67%
39 長野県 小布施町・高山村 上高井郡
67%
40 長野県 山ノ内町・木島平村・野沢温泉村 下高井郡
67%
41 長野県 信濃町・小川村・飯綱町 上水内郡
67%
42 長野県 栄村 下水内郡
67%
44 岐阜県 養老町 養老郡
67%
48 岐阜県 北方町 本巣郡
67%
50 岐阜県 御嵩町 可児郡
67%
55 静岡県 吉田町・川根本町 榛原郡
67%
57 愛知県 東郷町 愛知郡
67%
60 愛知県 大治町・蟹江町・飛島村 海部郡
67%
63 愛知県 設楽町・東栄町・豊根村 北設楽郡
67%
12 石川県 川北町 能美郡
56%
13 石川県 津幡町・内灘町 河北郡
56%
14 石川県 志賀町・宝達志水町 羽咋郡
56%
15 石川県 中能登町 鹿島郡
56%
24 山梨県 市川三郷町 西八代郡
56%
25 山梨県 早川町・身延町・南部町・富士川町 南巨摩郡
56%
26 山梨県 昭和町 中巨摩郡
56%
31 長野県 青木村・長和町 小県郡
56%
36 長野県 麻績村・生坂村・山形村・朝日村・筑北村 東筑摩郡
56%
38 長野県 坂城町 埴科郡
56%
53 静岡県 函南町 田方郡
56%
54 静岡県 清水町・長泉町・小山町 駿東郡
56%
56 静岡県 森町 周智郡
56%
58 愛知県 豊山町 西春日井郡
56%
59 愛知県 大口町・扶桑町 丹羽郡
56%
62 愛知県 幸田町 額田郡
56%
18 福井県 池田町 今立郡
44%
19 福井県 南越前町 南条郡
44%
20 福井県 越前町 丹生郡
33%
17 福井県 永平寺町 吉田郡
22%
No matching quizzes found
Score Distribution
Percent of People with Each Score
Percentile by Number Answered
Your Score History
You have not taken this quiz